El derecho penal armonizado de la Unin̤ Europea

Detalles Bibliográficos
Autor principal: Fernǹdez Ogallar, Beatriz
Formato: eBook
Lenguaje:español
Publicado: Madrid: Dykinson, 2014
Materias:
Acceso en línea:Acceso restringido

MARC

LEADER 00000nam a22000007a 4500
005 20140714221148.0
007 cr|||| ||||
008 140714s2014 es |||||s|||| 00||0 spa d
020 |a 978-84-9031-897-3 
035 |a 12266 
040 |a vLex 
090 |c 5045  |d 5045 
100 1 |a Fernǹdez Ogallar, Beatriz 
245 1 3 |a El derecho penal armonizado de la Unin̤ Europea  |h [Recurso electrn̤ico] /  |c Beatriz Fernǹdez Ogallar 
256 |a Servicio en ln̕ea 
260 |a Madrid:  |b Dykinson,  |c 2014 
300 |a 1 recurso electrn̤ico 
500 |a La presente obra versa sobre el progresivo acercamiento de las normas penales de los Estados miembros de la Unin̤ Europea, surgido e impulsado por los retos que plantea la creciente integracin̤ econm̤ica, polt̕ica y jurd̕ica del entorno comunitario, en el que han proliferado multitud de fenm̤enos asociados a la criminalidad transfronteriza. El punto de partida es el propio escenario en el que la armonizacin̤ se fragua, la Unin̤ Europea, atendiendo a las particularidades de sus instituciones, procedimientos legislativos y competencias para legislar en materia penal, todo ello bajo el prisma de las numerosas y profundas reformas introducidas por el Tratado de Lisboa en el panorama jurd̕ico comunitario. Seguidamente, se analiza la evolucin̤ del proceso armonizador del Derecho penal, tanto procesal sustantivo, con especial detenimiento en las tipologa̕s delictivas sobre las que ha tenido una incidencia ms̀ marcada: los delitos contra los intereses financieros de la Unin̤ Europea, contra el medio ambiente, los cometidos a travš de la TICþs, el terrorismo, la trata de seres humanos, el trf̀ico de drogas, la criminalidad organizada, el blanqueo de capitales, la falsificacin̤ de moneda y medios de pago, el cohecho y la corrupcin̤ en el sector privado. Para concluir, se valora el impacto de la recepcin̤ de las directrices del legislador comunitario en el ordenamiento jurd̕ico interno, en particular la posible erosin̤ de dos de los principios limitadores fundamentales del Derecho penal, los de legalidad y proporcionalidad. Beatriz Fernǹdez Ogallar ejerce como abogada, especializada en Derecho penal patrimonial y econm̤ico. Es licenciada en Derecho y en Ciencias Polt̕icas y de la Administracin̤ por la Universidad Autn̤oma de Madrid, en la que tambiň obtuvo el Diploma de Estudios Avanzados en Derecho penal, y asimismo es doctora en Derecho por la Universidad del Pas̕ Vasco. 
506 1 |a Disponible solo en los productos indicados  |d vLex Global  |d vLex Global (Academic Edition, excluding Law Schools)  |d vLex Global (U.S. Academic Edition, Law Schools)  |d vLex Global (U.S. Academic Edition, excluding Law Schools)  |d vLex Global (Academic Edition, Law Schools) 
650 0 4 |a Derecho Penal  |z Espaą 
740 0 |a vLex Libros (Servicio en ln̕ea) 
856 4 0 |u http://vlex.com/source/derecho-penal-armonizado-de-la-union-europea-12266  |z Acceso restringido 
942 |c BOOK 
999 0 |a Criminal Law